Understanding Organizational Behaviour (Record no. 842)

MARC details
000 -LEADER
fixed length control field 00410nam a22001697a 4500
005 - DATE AND TIME OF LATEST TRANSACTION
control field 20180725130516.0
008 - FIXED-LENGTH DATA ELEMENTS--GENERAL INFORMATION
fixed length control field 160514b xxu||||| |||| 00| 0 eng d
020 ## - INTERNATIONAL STANDARD BOOK NUMBER
ISBN 0-19-566766-X
041 ## - LANGUAGE CODE
Language code of text/sound track or separate title eng
082 ## - DEWEY DECIMAL CLASSIFICATION NUMBER
Item number 2327
Classification number 658.3
100 ## - MAIN ENTRY--AUTHOR NAME
Personal name UDAI, PAREEK
245 ## - TITLE STATEMENT
Title Understanding Organizational Behaviour
260 ## - PUBLICATION, DISTRIBUTION, ETC. (IMPRINT)
Name of publisher Oxford
Year of publication 2004
Place of publication DELHI
300 ## - PHYSICAL DESCRIPTION
Number of Pages 543p,
650 ## - SUBJECT ADDED ENTRY--TOPICAL TERM
Topical Term Management
942 ## - ADDED ENTRY ELEMENTS (KOHA)
Koha item type Books
Holdings
Lost status Damaged status Collection code Home library Current library Shelving location Date acquired Cost, normal purchase price Full call number Accession Number Koha item type
    MANAGEMENT JRU Library JRU Library   14/05/2016 235.00 658.3 2327 Books
    MANAGEMENT JRU Library JRU Library SHELF-65-B 14/05/2016 235.00 658.3 2328 Books
    MANAGEMENT JRU Library JRU Library   14/05/2016 235.00 658.3 2329 Books
    MANAGEMENT JRU Library JRU Library SHELF-65-B 14/05/2016 235.00 658.3 2330 Books
    MANAGEMENT JRU Library JRU Library SHELF-65-B 14/05/2016 235.00 658.3 2331 Books
    MANAGEMENT JRU Library JRU Library   14/05/2016 235.00 658.3 2332 Books
    MANAGEMENT JRU Library JRU Library SHELF-65-B 14/05/2016 235.00 658.3 2333 Books
    Reference JRU Library   SHELF-29-F 14/05/2016 235.00 658.3 2334 Books
    MANAGEMENT JRU Library JRU Library   14/05/2016 235.00 658.3 2335 Books
      JRU Library   SHELF-65-B 14/05/2016 235.00 658.3 2336 Books
    MANAGEMENT JRU Library JRU Library SHELF-65-B 14/05/2016 235.00 658.3 2337 Books
    MANAGEMENT JRU Library JRU Library   14/05/2016 235.00 658.3 2338 Books
    MANAGEMENT JRU Library JRU Library SHELF-65-B 14/05/2016 235.00 658.3 2339 Books
    MANAGEMENT JRU Library JRU Library   14/05/2016 235.00 658.3 2340 Books